Mizzima: On the road to media freedom in a better Burma (Record no. 222591)

MARC details
000 -LEADER
fixed length control field 00655nam a22002297a 4500
005 - DATE AND TIME OF LATEST TRANSACTION
control field 20220425094902.0
008 - FIXED-LENGTH DATA ELEMENTS--GENERAL INFORMATION
fixed length control field 220425b ||||| |||| 00| 0 eng d
020 ## - INTERNATIONAL STANDARD BOOK NUMBER
International Standard Book Number 9789743931437
040 ## - CATALOGING SOURCE
Transcribing agency Aloy
041 ## - LANGUAGE CODE
Language code of text/sound track or separate title eng
082 ## - DEWEY DECIMAL CLASSIFICATION NUMBER
Edition number 23
Classification number 330
Item number MIZM
100 ## - MAIN ENTRY--PERSONAL NAME
Personal name Mizzima News Agency
100 ## - MAIN ENTRY--PERSONAL NAME
9 (RLIN) 31427
245 ## - TITLE STATEMENT
Title Mizzima: On the road to media freedom in a better Burma
260 ## - PUBLICATION, DISTRIBUTION, ETC.
Place of publication, distribution, etc. New Delhi
Name of publisher, distributor, etc. Mizzima News Agency
Date of publication, distribution, etc. 2008
300 ## - PHYSICAL DESCRIPTION
Extent 98 p.
Other physical details PB
Dimensions 21x15 cm
365 ## - TRADE PRICE
Source of price type code Economics
650 ## - SUBJECT ADDED ENTRY--TOPICAL TERM
Topical term or geographic name entry element Economics
9 (RLIN) 31428
650 ## - SUBJECT ADDED ENTRY--TOPICAL TERM
Topical term or geographic name entry element Opinion Poll
9 (RLIN) 31429
650 ## - SUBJECT ADDED ENTRY--TOPICAL TERM
Topical term or geographic name entry element Stuggles of Mizzima Staff
9 (RLIN) 31430
700 ## - ADDED ENTRY--PERSONAL NAME
Personal name MIZZIMA NEWS AGENCY
9 (RLIN) 31431
942 ## - ADDED ENTRY ELEMENTS (KOHA)
Source of classification or shelving scheme Dewey Decimal Classification
Koha item type George Fernandes Collections
Holdings
Withdrawn status Lost status Source of classification or shelving scheme Damaged status Not for loan Collection code Home library Current library Date acquired Total Checkouts Full call number Barcode Date last seen Price effective from Koha item type
    Dewey Decimal Classification     Economics St Aloysius Library St Aloysius Library 03/24/2013   330 MIZM GF03231 04/25/2022 04/25/2022 George Fernandes Collections